000 00504nam a2200181Ia 4500
001 17401
005 20260306171515.0
008 260306s9999||||xx |||||||||||||| ||und||
041 _aESP
082 _a657.837
_bC75
100 _aCollantes Menis, Obdulio
_eAUT
245 0 _aContabilidad de costos hoteleros:
_baplicación de casos prácticos en concordancia con la Nic y NIIF
260 _c2015
300 _a400 páginas :
_c24 cm.
650 _aGEN
654 _aCCO
942 _cLIB
_dJUS
_fJUS
_2ddc
_n
999 _c17401
_d17401